| 000 | 00567nam a2200205Ia 4500 | ||
|---|---|---|---|
| 003 | OSt | ||
| 005 | 20230420094737.0 | ||
| 008 | 210423s2011 xx 000 0 und d | ||
| 020 | _a9788125042839 | ||
| 040 | _cAL | ||
| 041 | _aeng | ||
| 082 |
_a658.45 _223 _bPARJ |
||
| 100 |
_aPARIKH (J P);others. _990758 |
||
| 245 | _aBusiness communication: basic concepts and skills. | ||
| 260 |
_aHyderabad _bOrient Blackswan _c2011 |
||
| 300 |
_avii,254 _bPB |
||
| 365 |
_b150 _cINR |
||
| 906 | _abasic ; Business ; communication: ; concepts ; skills. | ||
| 942 |
_2ddc _cBK |
||
| 999 |
_c160772 _d160772 |
||